Missing Word: Posthumous Movies Quiz Stats

 Plays Quiz Updated Dec 11, 2014

Challenge
Share
Tweet
Embed
Score 0/20 Timer 03:00
0 Plays Today
Movie Answer % Correct
___ & Furious 7Fast
95.1%
The ___ of Notre DameHunchback
91.7%
Harry Potter and the ___ of SecretsChamber
91.6%
Harry Potter and the Half-___ PrinceBlood
90%
Boogie ___Nights
85.9%
___ ManagementAnger
84.4%
___ and OmegaAlpha
83.8%
The ___ ExpressPolar
80.3%
The Matrix ___Reloaded
77%
___ and Other DrugsLove
74.4%
Movie Answer % Correct
Sky Captain and the ___ of TomorrowWorld
60%
Bad ___Santa
59.9%
Happy ___Feet
59.9%
___ II: The Richard Donner CutSuperman
50.4%
___ of the DamnedQueen
44.1%
Enough ___Said
43.5%
Atlantis: The Lost ___Empire
36.6%
The Imaginarium of Doctor ___Parnassus
33.4%
The ___ AwardsDarwin
16.8%
___ CrossIron
9.9%

Today's Daily Dose

Missing Word
Witch Songs

Word Ladder
Alabama

Quick Pick
Fanta Flavors

On This Day
October 15th II

You're not logged in!

Compare scores with friends on all Sporcle quizzes.
Join for Free
OR
Log In

You Might Also Like...

Show Comments

Extras

Top Quizzes Today


Score Distribution

Your Account Isn't Verified!

In order to create a playlist on Sporcle, you need to verify the email address you used during registration. Go to your Sporcle Settings to finish the process.

Report this User

Report this user for behavior that violates our Community Guidelines.

Details: